• 首页
  • 本馆介绍
  • 公告通知
  • 最新文献
  • 馆藏检索
  • 电子资源
  • 读者导购
  • 参考咨询
  • 我的图书馆
  • 登录
  • 详细信息显示
  • 放入我的书架
  • 预约/预借图书
  • 作者相关作品
  • 分类相关作品
  • 丛书相关作品
  • 出版社相关作品

书目信息

  • 表格格式
  • 工作单格式
  • 卡片格式
题名:
遥测学
    
 
作者: 范希林 著
分册:  
出版信息: 北京   科学出版社  1983
页数: 396页
开本: 25cm
丛书名:
单 册:
中图分类: TP873
科图分类:
主题词: 遥测--概论
电子资源:
ISBN:
000 00554nam0 2200229 45
001 0183005114
005 20060803155113.31
010    @dCNY4.20
091    @a13031.2254
100    @a19950515d1983 em y0chiy0121 ea
101 0  @achi
102    @aCN@b110000
105    @ay z 000yy
200 10 @a遥测学@Ayao ce xue@f范希林著
210    @a北京@c科学出版社@d1983
215    @a396页@d25cm
606    @a遥测@x概论
690    @aTP873@v3
701  0 @a范希林@Afan xi lin@4著
801  2 @aCN@bNLC@c20060803
801  0 @aCN@bTSSF
905    @a10447@dTP873@e5
    
    遥测学/范希林著.-北京:科学出版社,1983
    396页;25cm
    
    
    ISBN :CNY4.20
    
●
相关链接 在E读中查询图书 在五车中查询图书 在当当中查询图书 在豆瓣中查询图书


正题名:遥测学     索取号:TP873/5         预约/预借

序号 登录号 条形码 馆藏地/架位号 状态 备注
1 0439635   204396359   密集书库/ [索取号:TP873/5] 在馆    
唐山师范学院图书馆 欢迎您!
大连网信软件有限公司© 版权所有